00618 2200181 4500001002100000005001500021035002000036007000300056008003900059082001200098084002000110100002900130245015300159260004500312300002500357600002000382856003400402INLIS00000000000779420240827122334 a0010-0824000052ta240827 | | |  a658.306 aR 658.306 SUP d0 aSupriyanto.J/ 20612010211 aDampak Person Organization Fit dan Person Job Fit terhadap Komitmen Pegawai pada Kantor Dinas Kesehatan Kabupaten Maros. /cSupriyanto.J/ 2061201021 aMaros :bUniversitas Muslim Maros,c2024 a66 hlm :b- ;c29 cm 4aKinerja Pegawai aManajemen Sumber Daya Manusia